| 000 | 00713nam a2200253Ia 4500 | ||
|---|---|---|---|
| 001 | 1911 | ||
| 005 | 20240113233520.0 | ||
| 007 | ta | ||
| 008 | 050217s2000 g b000 u hin u | ||
| 040 | _aCotton College Assam | ||
| 041 | _ahin | ||
| 082 |
_a491.43 _bK 92 H |
||
| 100 | _aKumar, Broj Bihari . | ||
| 245 | 0 |
_aHindi Bhoti Dictionary / _cBroj Bihari Kumar and Tashi Paljor. _hTextual Documents |
|
| 250 | _a1st ed. / | ||
| 260 |
_aKohima : _bNagaland Bhasha parishad , _c2000. |
||
| 300 |
_a223p. ; _c22cm. |
||
| 653 | _aDictionaries-Hindi Bhoti | ||
| 653 | _aHindi Bhoti Dictionaries | ||
| 653 | _aReference-Dictionaries | ||
| 942 |
_2ddc _cBK |
||
| 999 |
_c1904 _d1904 |
||